| 000 | 00828namaa22002051 4500 | ||
|---|---|---|---|
| 001 | 172994 | ||
| 003 | ES-MaACL | ||
| 005 | 20230906215111.0 | ||
| 007 | t| | ||
| 008 | 091002s1877 sp |r |||| | spa d | ||
| 040 |
_aSpMaBN _bspa _cSpMaBN _erdc |
||
| 080 | _a78.089.1 | ||
| 100 | 1 |
_aCárdenas, José de. _935141 |
|
| 245 | 1 | 0 |
_aLedia _b: drama lírico en tres actos / _cletra de Don José de Cárdenas ; música del maestro Zubiaurre. |
| 260 |
_aMadrid (calle de Pelayo, 5) : _bImp. de la Sociedad de Tipógrafos, _c1877. |
||
| 300 |
_a48 p. ; _c22 cm. |
||
| 500 | _aSolo la letra. | ||
| 700 | 1 |
_aZubiaurre, Valentín. _9141433 |
|
| 852 | 1 |
_aBA _jF-8602(5) _q.- Falto de la cub. original _z.- Enc. en vol. facticio formando parte de la col. facticia "Teatro español moderno", vol. 55 _z.- Dedicatoria autógrafa del autor |
|
| 999 |
_c172994 _d172994 |
||